[Event "BLR-ch 1st Stage Men 2020"]
[Site "Minsk"]
[Date "2020.02.01"]
[Round "6.6"]
[White "Smirnov, Valerij"]
[Black "Teterev, Vitaly"]
[Result "1-0"]
[WhiteElo "2261"]
[BlackElo "2476"]
[Annotator "ChessBase"]
[PlyCount "133"]
[EventDate "2020.02.01"]
[EventType "swiss"]
[EventCountry "BLR"]
[SourceTitle "playchess.com"]
[Source "ChessBase"]
[SourceQuality "1"]
[TimeControl "40/5400+30:1800+30"]

1. d4 {[%emt 0:00:00]} Nf6 {[%emt 0:00:00]} 2. c4 {[%emt 0:00:00]} g6 {[%emt 0:00:00]} 3. Nc3 {[%emt 0:00:01]} Bg7 {[%emt 0:00:00]} 4. Nf3 {[%emt 0:00:14]} d6 {[%emt 0:00:08]} 5. Bg5 {[%emt 0:00:19]} h6 {[%emt 0:00:45]} 6. Bh4 {[%emt 0:00:17]} g5 {[%emt 0:00:27]} 7. Bg3 {[%emt 0:00:13]} Nh5 {[%emt 0:00:10]} 8. e3 {[%emt 0:00:29]} c5 {[%emt 0:04:02]} 9. Be2 {[%emt 0:07:55]} Nxg3 {[%emt 0:06:10]} 10. hxg3 {[%emt 0:00:50]} Qa5 {[%emt 0:18:13]} 11. O-O {[%emt 0:05:50]} O-O {[%emt 0:04:59]} 12. a3 {[%emt 0:00:30]} Bg4 {[%emt 0:05:46]} 13. b4 {[%emt 0:05:02]} Qd8 {[%emt 0:03:30]} 14. Rc1 {[%emt 0:05:16]} b6 {[%emt 0:12:04]} 15. Nh2 {[%emt 0:08:17]} Bxe2 {[%emt 0:02:18]} 16. Qxe2 {[%emt 0:00:11]} cxd4 {[%emt 0:10:18]} 17. exd4 {[%emt 0:00:20]} Nc6 {[%emt 0:00:30]} 18. d5 {[%emt 0:00:25]} Nd4 {[%emt 0:00:05]} 19. Qd3 {[%emt 0:01:21]} e5 {[%emt 0:03:00]} 20. dxe6 {[%emt 0:10:13]} fxe6 {[%emt 0:00:10]} 21. Nf3 {[%emt 0:00:09]} Nxf3+ {[%emt 0:02:56]} 22. gxf3 {[%emt 0:00:31]} Qd7 {[%emt 0:01:36]} 23. Rfd1 {[%emt 0:06:25]} Rad8 {[%emt 0:02:52]} 24. Ne4 {[%emt 0:01:36]} d5 {[%emt 0:01:17]} 25. cxd5 {[%emt 0:16:29]} exd5 {[%emt 0:02:43]} 26. Nc3 {[%emt 0:03:22]} d4 {[%emt 0:00:38]} 27. Ne4 {[%emt 0:00:46]} Rf7 {[%emt 0:00:20]} 28. Kg2 {[%emt 0:04:55]} Rdf8 {[%emt 0:01:33]} 29. Qb3 {[%emt 0:01:06]} Kh8 {[%emt 0:02:58]} 30. Rd3 {[%emt 0:01:43]} Rd8 {[%emt 0:03:12]} 31. b5 {[%emt 0:05:43]} Kh7 {[%emt 0:01:24]} 32. a4 {[%emt 0:00:52]} Re7 {[%emt 0:02:30]} 33. g4 {[%emt 0:04:04]} Rxe4 {[%emt 0:00:47]} 34. fxe4 {[%emt 0:00:11]} Qxg4+ {[%emt 0:00:04]} 35. Rg3 {[%emt 0:00:54]} Qxe4+ {[%emt 0:00:06]} 36. Qf3 {[%emt 0:00:08]} Qe5 {[%emt 0:02:38]} 37. Qd3+ {[%emt 0:02:04]} Kh8 {[%emt 0:00:06]} 38. Rf3 {[%emt 0:00:25]} Qd5 {[%emt 0:02:15]} 39. Kg1 {[%emt 0:00:10]} Qd7 {[%emt 0:05:15]} 40. Rf5 {[%emt 0:00:00]} Re8 {[%emt 0:00:00]} 41. Qf3 {[%emt 0:04:34]} g4 {[%emt 0:12:55]} 42. Qxg4 {[%emt 0:16:14]} Rd8 {[%emt 0:08:58]} 43. Rf4 {[%emt 0:21:26]} d3 {[%emt 0:03:51]} 44. Qxd7 {[%emt 0:00:00]} Rxd7 {[%emt 0:00:01]} 45. Rd1 {[%emt 0:00:00]} d2 {[%emt 0:00:24]} 46. Rc4 {[%emt 0:00:00]} Bb2 {[%emt 0:01:19]} 47. Kf1 {[%emt 0:00:00]} Bc1 {[%emt 0:00:24]} 48. f3 {[%emt 0:00:00]} Kg7 {[%emt 0:02:37]} 49. Ke2 {[%emt 0:00:00]} Kg6 {[%emt 0:01:11]} 50. Rg1+ {[%emt 0:00:00]} Kf5 {[%emt 0:01:15]} 51. Rh1 {[%emt 0:00:00]} Ba3 {[%emt 0:01:47]} 52. Kd1 {[%emt 0:00:00]} Bc5 {[%emt 0:00:17]} 53. Rxh6 {[%emt 0:00:00]} Be3 {[%emt 0:00:20]} 54. Rh5+ {[%emt 0:00:00]} Kf6 {[%emt 0:02:19]} 55. Rc6+ {[%emt 0:00:00]} Kg7 {[%emt 0:00:00]} 56. Re5 {[%emt 0:00:00]} Bc5 {[%emt 0:01:24]} 57. Rexc5 {[%emt 0:00:57]} bxc5 {[%emt 0:00:11]} 58. Rxc5 {[%emt 0:00:06]} Kf6 {[%emt 0:00:20]} 59. a5 {[%emt 0:00:22]} Ke6 {[%emt 0:01:19]} 60. b6 {[%emt 0:00:21]} axb6 {[%emt 0:00:13]} 61. axb6 {[%emt 0:00:06]} Kd6 {[%emt 0:00:58]} 62. Rb5 {[%emt 0:00:14]} Kc6 {[%emt 0:00:40]} 63. b7 {[%emt 0:00:16]} Rxb7 {[%emt 0:00:11]} 64. Rxb7 Kxb7 {[%emt 0:00:00]} 65. Kxd2 {[%emt 0:00:17]} Kc6 {[%emt 0:00:01]} 66. Ke3 {[%emt 0:00:08]} Kd5 {[%emt 0:00:02]} 67. Kf4 {[%emt 0:00:08]} 1-0

[Event "BLR-ch 1st Stage Men 2020"]
[Site "Minsk"]
[Date "2020.02.01"]
[Round "6.7"]
[White "Cherepov, Alexej"]
[Black "Meribanov, Vitaly"]
[Result "1/2-1/2"]
[WhiteElo "2184"]
[BlackElo "2417"]
[Annotator "NA"]
[PlyCount "152"]
[EventDate "2020.02.01"]
[EventType "swiss"]
[EventCountry "BLR"]
[SourceTitle "playchess.com"]
[Source "ChessBase"]
[SourceQuality "1"]
[TimeControl "40/5400+30:1800+30"]

1. d4 {[%emt 0:00:00]} Nf6 {[%emt 0:03:10]} 2. c4 {[%emt 0:00:00]} c5 {[%emt 0:00:04]} 3. Nf3 {[%emt 0:00:00]} cxd4 {[%emt 0:00:04]} 4. Nxd4 {[%emt 0:00:00]} e5 {[%emt 0:00:03]} 5. Nc2 {[%emt 0:00:19]} d5 {[%emt 0:01:47]} 6. cxd5 {[%emt 0:00:08]} Qxd5 {[%emt 0:00:17]} 7. Qxd5 {[%emt 0:00:10]} Nxd5 {[%emt 0:00:01]} 8. e4 {[%emt 0:00:48]} Nb4 {[%emt 0:01:32]} 9. Nxb4 {[%emt 0:01:03]} Bxb4+ {[%emt 0:02:11]} 10. Bd2 {[%emt 0:00:03]} Nc6 {[%emt 0:02:20]} 11. Bb5 {[%emt 0:00:28]} Bd7 {[%emt 0:00:45]} 12. Bxc6 {[%emt 0:00:37]} Bxd2+ {[%emt 0:00:05]} 13. Kxd2 {[%emt 0:00:06]} Bxc6 {[%emt 0:00:06]} 14. Nc3 {[%emt 0:00:19]} O-O-O+ {[%emt 0:02:13]} 15. Ke3 {[%emt 0:00:13]} Rd4 {[%emt 0:00:40]} 16. Rhd1 {[%emt 0:02:20]} Rhd8 {[%emt 0:00:15]} 17. Rac1 {[%emt 0:01:22]} Kb8 {[%emt 0:01:18]} 18. f3 {[%emt 0:00:58]} Bb5 {[%emt 0:15:09]} 19. Kf2 {[%emt 0:24:51]} Bc4 {[%emt 0:04:51]} 20. b3 {[%emt 0:02:49]} Be6 {[%emt 0:00:04]} 21. Rxd4 {[%emt 0:01:08]} Rxd4 {[%emt 0:00:28]} 22. Rd1 {[%emt 0:02:49]} Rxd1 23. Nxd1 {[%emt 0:00:01]} Kc7 {[%emt 0:00:17]} 24. Ke3 {[%emt 0:00:18]} b5 {[%emt 0:03:42]} 25. Nc3 {[%emt 0:09:18]} b4 {[%emt 0:00:40]} 26. Na4 {[%emt 0:00:06]} Kd6 {[%emt 0:03:18]} 27. Nb2 {[%emt 0:00:32]} f6 {[%emt 0:00:11]} 28. h4 {[%emt 0:05:18]} Bd7 {[%emt 0:02:40]} 29. Nc4+ {[%emt 0:00:49]} Kc5 {[%emt 0:00:24]} 30. Nb2 {[%emt 0:00:04]} a5 {[%emt 0:00:27]} 31. Nd3+ {[%emt 0:00:45]} Kd6 {[%emt 0:00:16]} 32. Nb2 {[%emt 0:00:29]} Bb5 {[%emt 0:00:22]} 33. Nd3 {[%emt 0:00:55]} g6 {[%emt 0:00:09]} 34. g3 {[%emt 0:03:39]} Bd7 {[%emt 0:00:35]} 35. Kd2 {[%emt 0:02:46]} h6 {[%emt 0:00:35]} 36. Ke3 {[%emt 0:00:46]} Be6 {[%emt 0:00:27]} 37. Kd2 {[%emt 0:02:00]} f5 {[%emt 0:01:16]} 38. Ke3 {[%emt 0:03:09]} g5 {[%emt 0:07:29]} 39. hxg5 {[%emt 0:04:29]} hxg5 {[%emt 0:01:26]} 40. Nb2 {[%emt 0:00:00]} f4+ {[%emt 0:00:00]} 41. gxf4 {[%emt 0:19:03]} gxf4+ {[%emt 0:01:44]} 42. Kd3 {[%emt 0:02:50]} Kc5 {[%emt 0:00:47]} 43. Na4+ {[%emt 0:00:04]} Kc6 {[%emt 0:01:24]} 44. Ke2 {[%emt 0:01:36]} Bc8 {[%emt 0:00:59]} 45. Kd2 {[%emt 0:02:01]} Ba6 {[%emt 0:00:04]} 46. Ke1 {[%emt 0:02:02]} Bd3 {[%emt 0:00:28]} 47. Kd2 {[%emt 0:00:18]} Bb5 {[%emt 0:01:17]} 48. Ke1 {[%emt 0:02:19]} Kc7 {[%emt 0:12:31]} 49. Kd2 {[%emt 0:00:47]} Kd6 {[%emt 0:00:06]} 50. Ke1 {[%emt 0:00:54]} Ke7 {[%emt 0:02:28]} 51. Nb2 {[%emt 0:04:43]} Kf6 {[%emt 0:00:55]} 52. Kf2 {[%emt 0:03:12]} Kg5 {[%emt 0:00:45]} 53. Kg2 {[%emt 0:03:04]} Kh4 {[%emt 0:03:17]} 54. Kh2 {[%emt 0:05:46]} Kh5 {[%emt 0:00:05]} 55. Kg2 {[%emt 0:00:19]} Kg5 {[%emt 0:00:06]} 56. Kf2 {[%emt 0:00:32]} Kg6 {[%emt 0:00:35]} 57. Ke1 {[%emt 0:00:34]} Kf6 {[%emt 0:00:04]} 58. Kf2 {[%emt 0:00:09]} Ke6 {[%emt 0:00:26]} 59. Ke1 {[%emt 0:00:24]} Ke7 {[%emt 0:00:02]} 60. Kd2 {[%emt 0:01:30]} Kd6 {[%emt 0:01:15]} 61. Na4 {[%emt 0:00:38]} Be8 {[%emt 0:01:41]} 62. Kd1 {[%emt 0:02:26]} Ke7 {[%emt 0:00:37]} 63. Ke2 {[%emt 0:00:54]} Bb5+ {[%emt 0:00:10]} 64. Ke1 {[%emt 0:03:48]} Ke6 {[%emt 0:00:13]} 65. Nb2 {[%emt 0:00:29]} Kf6 {[%emt 0:00:44]} 66. Kf2 {[%emt 0:00:23]} Kg5 {[%emt 0:00:13]} 67. Kg2 {[%emt 0:00:11]} Kh4 {[%emt 0:00:05]} 68. Kh2 {[%emt 0:00:20]} Kg5 {[%emt 0:05:17]} 69. Kg2 {[%emt 0:00:14]} Kf6 {[%emt 0:00:01]} 70. Kf2 {[%emt 0:00:20]} Ke7 {[%emt 0:00:02]} 71. Ke1 {[%emt 0:00:14]} Kd7 {[%emt 0:00:32]} 72. Kd2 {[%emt 0:00:21]} Kd6 {[%emt 0:00:11]} 73. Na4 {[%emt 0:00:18]} Kc6 {[%emt 0:00:03]} 74. Ke1 {[%emt 0:00:19]} Bd3 {[%emt 0:02:03]} 75. Kd2 {[%emt 0:00:09]} Bb1 {[%emt 0:00:42]} 76. Kc1 {[%emt 0:00:14]} Bd3 {[%emt 0:01:50]} 1/2-1/2

[Event "BLR-ch 1st Stage Men 2020"]
[Site "Minsk"]
[Date "2020.02.01"]
[Round "7.1"]
[White "Podolchenko, Evgeniy"]
[Black "Zarubitski, Viachaslau"]
[Result "1/2-1/2"]
[WhiteElo "2394"]
[BlackElo "2451"]
[Annotator "ChessBase"]
[PlyCount "74"]
[EventDate "2020.02.01"]
[EventType "swiss"]
[EventCountry "BLR"]
[SourceTitle "playchess.com"]
[Source "ChessBase"]
[SourceQuality "1"]
[TimeControl "40/5400+30:1800+30"]

1. d4 {[%emt 0:01:37]} d5 {[%emt 0:00:00]} 2. c4 {[%emt 0:00:13]} c6 {[%emt 0:00:00]} 3. Nf3 {[%emt 0:00:08]} Nf6 {[%emt 0:00:00]} 4. Nc3 {[%emt 0:00:06]} dxc4 {[%emt 0:00:00]} 5. a4 {[%emt 0:00:06]} Bf5 {[%emt 0:00:04]} 6. Ne5 {[%emt 0:00:13]} Nbd7 {[%emt 0:00:05]} 7. Nxc4 {[%emt 0:00:06]} Qc7 {[%emt 0:00:08]} 8. Qd2 {[%emt 0:00:10]} g6 {[%emt 0:00:44]} 9. Qf4 {[%emt 0:00:34]} Qxf4 {[%emt 0:02:50]} 10. Bxf4 {[%emt 0:00:12]} Bg7 {[%emt 0:08:35]} 11. e3 {[%emt 0:00:27]} Nh5 {[%emt 0:06:11]} 12. Bg5 {[%emt 0:00:10]} h6 {[%emt 0:00:43]} 13. Bh4 {[%emt 0:00:07]} g5 {[%emt 0:00:16]} 14. Be2 {[%emt 0:00:13]} Ndf6 {[%emt 0:13:06]} 15. Bg3 {[%emt 0:01:57]} Nxg3 {[%emt 0:00:07]} 16. hxg3 {[%emt 0:00:09]} O-O {[%emt 0:07:02]} 17. O-O {[%emt 0:06:42]} Rac8 {[%emt 0:02:15]} 18. Rac1 {[%emt 0:07:20]} Rfd8 {[%emt 0:14:49]} 19. Rfd1 {[%emt 0:14:43]} Be6 {[%emt 0:14:54]} 20. b4 {[%emt 0:11:47]} Nd5 {[%emt 0:00:33]} 21. Na5 {[%emt 0:03:53]} b6 {[%emt 0:02:38]} 22. Nxd5 {[%emt 0:00:07]} Bxd5 {[%emt 0:00:09]} 23. Nc4 {[%emt 0:00:17]} Bxc4 {[%emt 0:12:00]} 24. Bxc4 {[%emt 0:06:43]} e5 {[%emt 0:01:10]} 25. Ba6 {[%emt 0:12:04]} Rb8 {[%emt 0:00:29]} 26. Rxc6 {[%emt 0:03:29]} exd4 {[%emt 0:00:09]} 27. exd4 {[%emt 0:00:40]} Bxd4 {[%emt 0:09:46]} 28. Kf1 {[%emt 0:00:34]} Kg7 {[%emt 0:02:08]} 29. Rc7 {[%emt 0:01:48]} Be5 {[%emt 0:00:31]} 30. Rcd7 {[%emt 0:00:48]} Rxd7 {[%emt 0:00:26]} 31. Rxd7 {[%emt 0:00:02]} Bc3 {[%emt 0:00:34]} 32. Bc4 {[%emt 0:00:55]} Bxb4 {[%emt 0:00:27]} 33. Rxf7+ {[%emt 0:01:09]} Kg6 {[%emt 0:00:02]} 34. Rd7 {[%emt 0:01:25]} a5 {[%emt 0:01:08]} 35. g4 {[%emt 0:01:31]} Bc5 {[%emt 0:01:50]} 36. Ke2 {[%emt 0:10:35]} Re8+ {[%emt 0:00:22]} 37. Kd2 {[%emt 0:00:14]} Re7 {[%emt 0:00:29]} 1/2-1/2

[Event "BLR-ch 1st Stage Men 2020"]
[Site "Minsk"]
[Date "2020.02.01"]
[Round "7.2"]
[White "Yezhel, Valiantsin"]
[Black "Maiorov, Nikita"]
[Result "1-0"]
[WhiteElo "2187"]
[BlackElo "2519"]
[Annotator "TA"]
[PlyCount "77"]
[EventDate "2020.02.01"]
[EventType "swiss"]
[EventCountry "BLR"]
[SourceTitle "playchess.com"]
[Source "ChessBase"]
[SourceQuality "1"]

{[%evp 11,89,35,36,24,19,20,9,8,41,16,39,26,64,65,73,79,81,76,84,49,72,48,68,53,70,61,68,60,52,48,92,90,112,99,114,110,137,127,123,90,97,0,0,0,0,0,0,0,0,0,0,0,314,347,337,0,0,0,753,714,789,781,3800,2173,2404,5916,1709,2270,10045,5385,3206,2772,29987,29985,29985,12841,29990,29991,29991,29992]} 1. d4 Nf6 2. c4 e6 3. g3 Bb4+ 4. Bd2 c5 5. Bxb4 cxb4 6. Bg2 O-O 7. e4 {E00: Catalan Bogo-Indian (3 g3 Bb4+).} d6 8. Ne2 a5 9. O-O {The position is equal.} Na6 10. a3 {[#]} Qc7 $146 ({Predecessor:} 10... e5 11. axb4 Nxb4 12. Nbc3 Re8 13. Qd2 Bd7 14. f4 Bc6 15. Rae1 Rc8 16. h3 Rc7 {½-½ (42) Zakaryan,D (2377)-Dragnev,V (2430) Khanty-Mansiysk 2016}) 11. axb4 Nxb4 12. Na3 Bd7 13. Qd2 e5 14. Rfc1 Bc6 15. f3 Rfd8 16. Bh3 Be8 17. Kg2 b6 18. Rd1 h6 19. Bf5 Qe7 20. Nc3 Bd7 21. Bxd7 Rxd7 22. Rac1 Rc8 23. b3 exd4 24. Qxd4 Nc6 25. Qxb6 {aiming for Nab5.} d5 {[%cal Rd5e4]} 26. Nxd5 (26. Qa6 $16 Na7 27. Nab5 (27. Qxa5 dxe4 28. fxe4 Rb7 $16) 27... dxe4 28. fxe4) 26... Qxa3 $11 27. Nxf6+ gxf6 28. Rxd7 Qb2+ $1 ({Don't play} 28... Qxc1 $6 29. Qa6 $16) 29. Kh3 $1 Qxc1 30. Qb7 $36 {[%mdl 2048] Black is under pressure.} Qf1+ 31. Kh4 Ne5 $2 {[%mdl 8192]} (31... Re8 $11 {and Black has nothing to worry.} 32. Rxf7 Nd8 33. Rg7+ Kf8) 32. Qxc8+ $18 {[%mdl 4096] Endgame KQR-KQN} Kg7 {[#] ( -> ...Ng6+)} 33. Rd8 $2 (33. Rd5 $1 $18) 33... Ng6+ $1 $11 34. Kh5 Qxf3+ $2 {[%mdl 8192]} (34... Qg2 $11 35. Rd5 Nf4+ 36. gxf4 Qxh2+ 37. Kg4 h5+ 38. Rxh5 Qg1+ 39. Kh4 Qe1+ 40. Kh3 Qf1+ 41. Kh2 Qf2+ 42. Kh3 Qf1+ 43. Kh4 Qe1+ 44. Kh3 Qf1+) 35. Qg4 $18 Qxb3 {[#]} 36. Rd7 $1 Kf8 37. Kxh6 {White threatens Rd8+ and mate.} Qb8 38. Qd1 (38. c5 $142 Kg8 39. Qf5 Qf8+ 40. Kh5) 38... Ke8 {[#]} 39. Qa4 {Played: Qd1-d5} 1-0

[Event "BLR-ch 1st Stage Men 2020"]
[Site "Minsk"]
[Date "2020.02.01"]
[Round "7.3"]
[White "Tsaruk, Maksim"]
[Black "Lazavik, Denis"]
[Result "1/2-1/2"]
[WhiteElo "2316"]
[BlackElo "2411"]
[Annotator "NA"]
[PlyCount "60"]
[EventDate "2020.02.01"]
[EventType "swiss"]
[EventCountry "BLR"]
[SourceTitle "playchess.com"]
[Source "ChessBase"]
[SourceQuality "1"]
[TimeControl "40/5400+30:1800+30"]

1. e4 {[%emt 0:00:00]} e5 {[%emt 0:00:00]} 2. Nf3 {[%emt 0:00:00]} Nc6 {[%emt 0:00:01]} 3. Bb5 {[%emt 0:00:00]} a6 {[%emt 0:00:15]} 4. Ba4 {[%emt 0:00:00]} d6 {[%emt 0:00:34]} 5. O-O {[%emt 0:07:49]} Bd7 {[%emt 0:00:39]} 6. c3 {[%emt 0:00:38]} g6 {[%emt 0:01:25]} 7. d4 {[%emt 0:00:17]} Bg7 {[%emt 0:01:29]} 8. d5 {[%emt 0:09:00]} Nce7 {[%emt 0:01:07]} 9. Bxd7+ {[%emt 0:00:24] C76: Ruy Lopez: Deferred Steinitz: 5 c3 Bd7 6 d4 g6} Qxd7 {[%emt 0:00:10]} 10. Be3 {[%emt 0:00:03]} Nf6 {[%emt 0:04:04]} 11. Nfd2 {[%emt 0:02:03]} Ng4 {[%emt 0:01:54]} 12. Qe2 {[%emt 0:00:17] [#]} f5 $146 {[%emt 0:11:48]} ({Predecessor:} 12... Nxe3 13. Qxe3 h5 14. c4 Bh6 15. Qe2 Qg4 16. f3 Qg5 17. Re1 f5 18. Nf1 O-O {0-1 (43) Dudas,E (2227)-Srebrnic,A (2243) Ruzomberok 2014}) 13. f3 {[%emt 0:00:53]} Nxe3 {[%emt 0:02:11]} 14. Qxe3 {[%emt 0:00:03]} h5 {[%emt 0:06:21]} 15. c4 {[%emt 0:02:43]} Bh6 {[%emt 0:01:19]} 16. Qd3 {[%emt 0:05:27]} c5 {[%emt 0:10:58]} 17. Nc3 {[%emt 0:09:25]} b5 {[%emt 0:09:17]} 18. Rf2 {[%emt 0:09:54]} b4 {[%emt 0:11:16]} 19. Ne2 {[%emt 0:00:06]} Bxd2 {[%emt 0:01:24]} 20. Qxd2 {[%emt 0:00:03]} O-O {[%emt 0:00:15]} 21. Qg5 {[%emt 0:07:11]} fxe4 {[%emt 0:02:37]} 22. fxe4 {[%emt 0:00:06]} Rxf2 {[%emt 0:00:13]} 23. Kxf2 $11 {[%emt 0:00:04]} Rf8+ {[%emt 0:00:23]} 24. Kg1 {[%emt 0:26:00]} Rf7 {[%emt 0:01:46]} 25. Ng3 {[%emt 0:05:06]} Kh7 {[%emt 0:01:23]} 26. Rf1 {[%emt 0:03:28]} Rxf1+ {[%emt 0:01:15]} 27. Nxf1 {[%emt 0:00:03]} Ng8 {[%emt 0:00:24]} 28. b3 {[%emt 0:00:18]} Qe7 {[%emt 0:00:52]} 29. Qxe7+ {[%emt 0:05:54]} Nxe7 {[%emt 0:00:06]} 30. Kf2 {[%emt 0:00:11]} g5 {[%emt 0:00:49]} 1/2-1/2

[Event "BLR-ch 1st Stage Men 2020"]
[Site "Minsk"]
[Date "2020.02.01"]
[Round "7.4"]
[White "Olhovik, Andrei"]
[Black "Pogosian, Manvel"]
[Result "0-1"]
[WhiteElo "2311"]
[BlackElo "2383"]
[Annotator "NA"]
[PlyCount "74"]
[EventDate "2020.02.01"]
[EventType "swiss"]
[EventCountry "BLR"]
[SourceTitle "playchess.com"]
[Source "ChessBase"]
[SourceQuality "1"]
[TimeControl "40/5400+30:1800+30"]

1. d4 {[%emt 0:04:43]} Nf6 {[%emt 0:00:14]} 2. c4 {[%emt 0:00:20]} e6 {[%emt 0:01:02]} 3. Nc3 {[%emt 0:00:09]} c5 {[%emt 0:01:53]} 4. Nf3 {[%emt 0:00:28]} cxd4 {[%emt 0:02:08]} 5. Nxd4 {[%emt 0:00:06]} Bb4 {[%emt 0:01:30]} 6. Bd2 {[%emt 0:02:16]} Nc6 {[%emt 0:05:07]} 7. Nc2 {[%emt 0:09:28]} Bc5 {[%emt 0:04:47]} 8. Be3 {[%emt 0:00:35]} Bxe3 {[%emt 0:09:08]} 9. Nxe3 {[%emt 0:00:21]} O-O {[%emt 0:00:18]} 10. g3 {[%emt 0:01:07]} d5 {[%emt 0:16:32]} 11. cxd5 {[%emt 0:00:18]} exd5 {[%emt 0:00:18]} 12. Nexd5 {[%emt 0:01:06]} Nxd5 {[%emt 0:01:36]} 13. Qxd5 {[%emt 0:01:05]} Qb6 {[%emt 0:02:59]} 14. Qb3 {[%emt 0:53:41]} Qxb3 {[%emt 0:13:34]} 15. axb3 {[%emt 0:00:04]} Nd4 {[%emt 0:00:30]} 16. Rd1 $11 {[%emt 0:00:17]} Rd8 {[%emt 0:03:58]} 17. Rd2 {[%emt 0:02:18]} Be6 {[%emt 0:10:35]} 18. Bg2 {[%emt 0:00:15]} Nxb3 {[%emt 0:02:43]} 19. Rxd8+ {[%emt 0:00:29]} Rxd8 {[%emt 0:00:01]} 20. Bxb7 {[%emt 0:14:19]} Rd2 {[%emt 0:02:18]} 21. O-O {[%emt 0:02:08]} Rxb2 {[%emt 0:00:06]} 22. Rd1 {[%emt 0:00:30]} Kf8 {[%emt 0:00:56]} 23. Rd8+ {[%emt 0:03:01]} Ke7 {[%emt 0:00:05]} 24. Ra8 {[%emt 0:00:04]} Rc2 {[%emt 0:04:05]} 25. Nd5+ {[%emt 0:00:43]} Kd6 {[%emt 0:00:29]} 26. Rd8+ {[%emt 0:00:19]} Kc5 {[%emt 0:00:21]} 27. Nf4 {[%emt 0:00:06]} Bc4 {[%emt 0:06:47]} 28. Be4 {[%emt 0:01:49]} Rc1+ {[%emt 0:00:48]} 29. Kg2 {[%emt 0:00:05]} a5 {[%emt 0:00:42]} 30. Rc8+ {[%emt 0:01:55]} Kd4 {[%emt 0:01:47]} 31. Bf3 {[%emt 0:00:27]} g5 {[%emt 0:01:33]} 32. Rd8+ {[%emt 0:00:49]} Ke5 {[%emt 0:02:26]} 33. Nd5 {[%emt 0:00:14]} g4 {[%emt 0:01:48]} 34. Re8+ {[%emt 0:00:12]} Kd4 {[%emt 0:01:47]} 35. e3+ {[%emt 0:00:31]} Kd3 {[%emt 0:01:20]} 36. Nf4+ {[%emt 0:00:09]} Kc2 {[%emt 0:00:12]} 37. Bxg4 {[%emt 0:00:27]} Bd3 {[%emt 0:02:07]} 0-1

[Event "BLR-ch 1st Stage Men 2020"]
[Site "Minsk"]
[Date "2020.02.01"]
[Round "7.5"]
[White "Meribanov, Vitaly"]
[Black "Smirnov, Valerij"]
[Result "1-0"]
[WhiteElo "2417"]
[BlackElo "2261"]
[Annotator "NA"]
[PlyCount "67"]
[EventDate "2020.02.01"]
[EventType "swiss"]
[EventCountry "BLR"]
[SourceTitle "playchess.com"]
[Source "ChessBase"]
[SourceQuality "1"]
[TimeControl "40/5400+30:1800+30"]

1. e4 {[%emt 0:00:00]} c5 {[%emt 0:00:52]} 2. Nf3 {[%emt 0:00:00]} g6 {[%emt 0:00:13]} 3. d4 {[%emt 0:05:54]} Bg7 {[%emt 0:00:28]} 4. Nc3 {[%emt 0:03:24]} cxd4 {[%emt 0:04:06]} 5. Nxd4 {[%emt 0:00:09]} Nc6 {[%emt 0:00:06]} 6. Be3 {[%emt 0:00:03]} d6 {[%emt 0:00:16]} 7. Qd2 {[%emt 0:00:27]} Nf6 {[%emt 0:00:11]} 8. f3 {[%emt 0:00:07]} O-O {[%emt 0:00:14]} 9. O-O-O {[%emt 0:00:15]} d5 {[%emt 0:08:13]} 10. Kb1 {[%emt 0:01:34]} Nxd4 {[%emt 0:03:30]} 11. e5 {[%emt 0:00:11]} Nxf3 {[%emt 0:10:25]} 12. gxf3 {[%emt 0:00:08] B76: Sicilian Dragon: Yugoslav Attack, 9 g4 and 9 0-0-0} Nh5 {[%emt 0:00:08]} 13. f4 {[%emt 0:30:11]} Bg4 {[%emt 0:01:18]} 14. Be2 {[%emt 0:06:53]} Bxe2 {[%emt 0:00:56]} 15. Nxe2 {[%emt 0:04:34]} e6 {[%emt 0:00:41]} 16. Nd4 {[%emt 0:06:25]} Qd7 {[%emt 0:07:21] [#]} 17. Qe2 $146 {[%emt 0:00:54]} ({Predecessor:} 17. Rhg1 a5 18. Rdf1 Qc7 19. Rg5 Bh6 20. Rg4 Rac8 21. Rfg1 Kh8 22. Nb5 Qc6 23. Na7 {1-0 (47) Rutkauskas,G (2064)-Gerold,A Zakopane 2000}) 17... f6 {[%emt 0:06:14]} 18. Rhg1 {[%emt 0:04:58]} Kh8 {[%emt 0:04:26]} 19. Bc1 {[%emt 0:18:26]} fxe5 {[%emt 0:02:14]} 20. fxe5 {[%emt 0:00:01]} Rf7 $15 {[%emt 0:00:53]} 21. c4 {[%emt 0:02:03]} dxc4 {[%emt 0:09:16]} 22. Qxc4 {[%emt 0:04:15]} Bxe5 {[%emt 0:05:50]} 23. Nxe6 {[%emt 0:00:21]} Qc6 {[%emt 0:00:20]} 24. Qb3 {[%emt 0:01:38]} Rf3 {[%emt 0:00:55]} 25. Qd5 {[%emt 0:02:51]} Bxh2 {[%emt 0:03:24]} 26. Qd4+ {[%emt 0:03:38]} Kg8 {[%emt 0:01:23]} 27. Nd8 {[%emt 0:01:01]} Qb5 {[%emt 0:01:32]} 28. Rg5 {[%emt 0:01:01]} Rf5 {[%emt 0:02:57]} 29. a4 {[%emt 0:00:01]} Qe5 {[%emt 0:11:18]} 30. Qc4+ {[%emt 0:00:01]} Kf8 {[%emt 0:00:13]} 31. Rd7 {[%emt 0:01:32]} Ng7 {[%emt 0:03:55]} 32. Rg2 {[%emt 0:02:21]} Ke8 {[%emt 0:03:06]} 33. Rgd2 {[%emt 0:00:01]} Rf8 {[%emt 0:02:29]} 34. R7d5 {[%emt 0:00:18]} 1-0

[Event "BLR-ch 1st Stage Men 2020"]
[Site "Minsk"]
[Date "2020.02.01"]
[Round "7.6"]
[White "Tsyhanchuk, Stanislav"]
[Black "Papunidi, Matvey"]
[Result "1-0"]
[WhiteElo "2350"]
[BlackElo "2175"]
[Annotator "TA"]
[PlyCount "87"]
[EventDate "2020.02.01"]
[EventType "swiss"]
[EventCountry "BLR"]
[SourceTitle "playchess.com"]
[Source "ChessBase"]
[SourceQuality "1"]

{[%evp 16,87,0,-4,25,-12,33,2,27,27,12,-46,37,22,36,14,34,29,33,-194,-202,-173,-196,-207,-64,-72,-68,-53,-37,-33,-34,-27,-27,-32,-32,-36,-33,-45,0,-12,0,0,0,0,17,0,0,0,0,-12,-4,-16,0,0,0,0,0,0,0,0,110,110,76,21,21,0,468,238,575,574,5281,1366,29965,29969]} 1. e4 c5 2. Nf3 Nc6 3. d4 cxd4 4. Nxd4 g6 5. Nc3 Bg7 6. Be3 Nf6 7. Nxc6 bxc6 8. e5 Ng8 9. Bd4 Qc7 {B34: Sicilian: Accelerated Dragon with 5 Nc3: sidelines.} 10. f4 f6 {[%cal Rf6e5]} 11. exf6 Nxf6 {The position is equal.} 12. Qd2 $1 O-O 13. Bc4+ (13. O-O-O $11) 13... Kh8 (13... d5 $15 14. Bb3 Bf5) 14. O-O Bb7 {[#]} 15. Rad1 $146 ({Predecessor:} 15. Kh1 c5 16. Bxf6 Rxf6 17. Rad1 Rd6 18. Qe3 Rxd1 19. Rxd1 e6 20. Bb5 Bd4 21. Rxd4 cxd4 22. Qxd4+ {1-0 (43) Fidalgo Fernandez,L (1881)-Fernandez Velasco,C Aviles 2003}) 15... Rad8 16. Na4 d6 17. Bxa7 $2 (17. Bc3 $14 {keeps the upper hand.}) 17... Ra8 $1 $19 {[%cal Ra8a7]} 18. Bb6 Qb8 $1 {[%mdl 1024] Black has strong compensation.} 19. b3 {[#]} c5 ({Better is} 19... Rxa4 $1 $19 {[%mdl 512]} 20. bxa4 Ba6 {[%mdl 64] Discovered Attack}) 20. Qe1 Bc6 21. Ba5 d5 22. Be2 $1 Bxa4 23. bxa4 Qa7 24. Bc3 d4 25. Bd2 Qxa4 {[%mdl 64] Double Attack} 26. f5 gxf5 27. Bd3 $1 Ne4 28. Rxf5 {[%mdl 64] Decoy} Rxf5 29. Qxe4 Rh5 30. Qf3 Qe8 {[#]} 31. Bb5 $1 $40 {[%mdl 640] White mounts an attack.} Rf5 (31... Qxb5 32. Qxa8+) 32. Qxf5 Qxb5 33. Re1 Rf8 34. Qd5 Qb2 35. Qc4 e5 36. h4 Qb6 37. a4 {[%cal Ba2a4,Ba4a5,Ba5a6][%mdl 32]} Qf6 (37... Qg6 $11 {keeps the balance.}) 38. Rf1 $16 Qxh4 39. Rxf8+ Bxf8 40. a5 {Hoping for a6.} Qe7 $2 {[%mdl 8192]} (40... e4 $1 $11 41. a6 Bd6) 41. Qd5 (41. a6 $142) 41... h6 $2 (41... c4 42. Qxc4 Qa7) 42. a6 $18 e4 43. Bf4 e3 44. Qe5+ {Accuracy: White = 82%, Black = 58%.} 1-0